Acteurs Anglophone - Statistiques

Statistiques générales
  • Ce quiz a été pris 74 fois
  • Le résultat moyen est 7 sur 16
Statistiques - réponses
Par images Réponse % Correct
Daniel Craig
77%
Nicolas Cage
70%
Liam Neeson
64%
Ben Affleck
63%
Anne Hathaway
61%
Heath Ledger
52%
Idris Elba
48%
Channing Tatum
45%
Jessica Chastain
41%
Paul Rudd
41%
Kirsten Dunst
38%
Matthew Mcconaughey
36%
Emily Blunt
33%
Lawrence Fishburn
28%
Michelle Rodriguez
28%
Lupita Nyong'o
19%
Aucun quiz correspondant
Distribution des résultats
% des personnes avec chaque résultat
Percentile par nombre de réponses
Votre historique - résultats
Vous n’avez pas pris ce quiz